000 00274nam a22001217a 4500
008 181218b xxu||||| |||| 00| 0 eng d
041 _aeng
080 _a621
100 _a25
101 _aeng
245 _aBasic Carburent And Fuel Systems
_cRobert.K
942 _2udc
_cBK
999 _c53410
_d53410